| 000 | 00935nam a22002897i 4500 | ||
|---|---|---|---|
| 003 | EG-GICUC | ||
| 005 | 20260430102203.0 | ||
| 008 | 260430t1916 ua|||||fr|||| 00| 0 fre d | ||
| 040 |
_a EG-GICUC _c EG-GICUC _d EG-GICUC _erda _bfre |
||
| 043 | _ae-fr--- | ||
| 082 | 0 | 4 |
_221 _a343.3 |
| 092 | 0 | 4 | _221 |
| 099 | _aLaw1 10 343.3044 Re.T 1916 | ||
| 100 | 1 |
_a Garraud, René _d1849- |
|
| 245 | 1 | 0 |
_aTraité théorique et pratique du droit pénal français / _cRené Garraud,. |
| 250 | _a3. édition complètement rev. et considérablement augm. | ||
| 264 |
_aParis, _bRecueil Sirey, _c1913-1924. |
||
| 300 |
_a725 pages _c24 سم |
||
| 336 |
_2rda content _atext |
||
| 337 |
_2rda media _aComputer |
||
| 338 |
_2rda carrier _aOnline Resource |
||
| 650 | 1 | 4 |
_2qrmak _aDroit de procédure pénale _zFrance |
| 651 | 1 | _2qrmak | |
| 856 | 4 | 0 | _uhttps://fll.law.cu.edu.eg/fulltext/bks/B10-09940.pdf |
| 905 | _a17 | ||
| 942 |
_2ddc _cBK _e21 _n0 |
||
| 999 |
_c74427 _d74427 |
||